Statistics for City to Country by Letter: B

Click here to take the quiz!

General Stats

  • This quiz has been taken 27 times
  • The average score is 20 of 27

Answer Stats

CityCountry% Correct
BathUnited Kingdom
100%
BayeuxFrance
96%
BremenGermany
96%
BergenNorway
96%
BilbaoSpain
96%
BaselSwitzerland
96%
BrugesBelgium
92%
BloemfonteinSouth Africa
92%
BenghaziLibya
85%
BrnoCzech Republic
81%
BhopalIndia
81%
BusanSouth Korea
81%
BelémBrazil
77%
BandungIndonesia
77%
BasrahIraq
77%
BariItaly
77%
BursaTurkey
77%
BarranquillaColombia
73%
BanjulGambia
73%
BillingsUnited States
73%
BanguiCentral African Republic
69%
Benin CityNigeria
65%
BujumburaBurundi
54%
BrčkoBosnia and Herzegovina
38%
BukharaUzbekistan
35%
BenguelaAngola
27%
BaikonurKazakhstan
27%

Score Distribution

Percentile by Number Answered

Percent of People with Each Score

Your Score History

You have not taken this quiz